000 00317nam a2200121Ia 4500
005 20251222152606.0
008 251222s9999||||xx |||||||||||||| ||spa||
082 _a289.8/B45
100 _aBenedicto XVI, Papa
245 0 _aCarta Encíclica Spe Salvi
264 _bUniversidad Católica Sedes Sapientiae
942 _cLIB
999 _c26795
_d26795